La historia de Colombia en "Estaba la pájara pinta sentada en el verde limón"
Guardado en:
| Hovedforfatter: | |
|---|---|
| Format: | Ukendt |
| Udgivet: |
Colombia:
Universidad de Medellín,
|
| Fag: | |
| Tags: |
Tilføj Tag
Ingen Tags, Vær først til at tagge denne postø!
|
MARC
| LEADER | 000000000a22000000004500 | ||
|---|---|---|---|
| 001 | 000125 | ||
| 100 | 1 | |a Gómez, Marta Luz | |
| 245 | 1 | 0 | |a La historia de Colombia en "Estaba la pájara pinta sentada en el verde limón" |
| 260 | |a Colombia: |b Universidad de Medellín, | ||
| 310 | |a mensual | ||
| 650 | 4 | |a ESTABA LA PAJARA PINTA SENTADA EN EL VERDE LIMON | |
| 650 | 4 | |a ANGEL, ALBA LUCIA | |
| 650 | 4 | |a LITERATURA COLOMBIANA | |
| 773 | 0 | |t Con-Textos: Revista de Semiótica Literaria | |
| 773 | 0 | |g 5 | |
| 773 | 0 | |g 21 | |
| 773 | 0 | |g 1998 | |
| 773 | 0 | |g 38-48 | |
| 999 | |c 906 |d 906 | ||
